000 00335nam a22001337a 4500
005 20260311165714.0
008 260311b |||||||| |||| 00| 0 eng d
041 _aeng
082 _a344.54046
245 _aMINES CRECHE RULES 1966 (ACT NO.35 OF 1952)
260 _aDHANBAD
_bLOVELY PRAKASHAN
_c2025
650 _aMINING
942 _cBK
999 _c9086
_d9084